00460nam a2200181Ia 4500003000400000005001700004008004100021020001800062040000600080041001200086082002100098100003000119245005600149250001300205260003200218300001900250440000900269OSt20240925105915.0240126s9999 xx 000 0 und d a9789388267304 c0 aEnglish a344.01 MIS;1 R aMisra, S N. Yadav, Sunil. 0aLabour and industrial laws : with latest amendments a29th ed. bCentral Law Pub.aAllahabad alxxxviii, 1220 aNULL